00470nam a2200193Ia 4500003000400000005001700004008004100021020001800062040000700080041000800087082002000095100001600115245004300131250000600174260004300180300001600223365001300239650002400252OSt20230615160630.0210423s2012 xx 000 0 und d a9788122432787 cAL aeng a530.13 LAUB223 aLAUD (B B). aFundamentals of ststistical mechanics. a2 aNew DelhibNew Age Internationalc2012 axiv,275bPB b295cINR aTheoretical Physics